1672 1039 1655 1106 1250 1396 1194 1674 1211 1528 1404 1480 1437 1513 1169 1536 1502 1957 1658 1070 1453 1096 1719 1672 1488 1506 1725 1178 1393 1290 1713 1402 1402 1370 1422 1969 1908 1522 1836 1557 1392 1216 1048 1279 1086 1002 1396 1013 1764 1858 1825 1060 1892 1360 1775 1050 1980 1284 1662 1470 1134 1547 1878 1327 1944 1827 1011 1501 1468 1630 1778 1411 1948 1787 1259 1356 1729 1924 1463 1246 1436 1174 1960 1349 1537 1671 1659 1073 1778 1215 1115 1431 1475 1450 1605 1344 1769 1487 1193 BCNSPRNW ULIB Ver.6.0+V

เปลี่ยนเป็นภาษาไทย

Change to English
 แสดงรายละเอียดบรรณานุกรม
  กลับหน้าหลัก

Brief Record : Get Marc (ISO 2709) : E-mail record : QR code < ปิดหน้าต่าง
LEADER : 00000nam 2200000uu 4500
001    13399114842
003     ULIB
008    110627s2555||||th 000 0 tha d
090    นว.^bว918G
100 0  เวสต์ แคลร์
245 00 พลิกปมสังหารประธานาธิบดี/^cเวสต์ แคลร์
250    พิมพ์ครั้งที่ 1
260    กรุงเทพฯ :^bซีเอ็ดยูเคชั่น,^c2555-
300     หน้า
945    ^p0^l0^i028462
995    ทศพร
999 ^a ใช้งานได้ทุกระบบ
รายการนี้ยังไม่มีแท็ก
คุณยังไม่ได้ล็อกอิน คุณสามารถมีกิจกรรมร่วมกับเว็บไซต์ได้ แต่ต้องล็อกอินก่อน ::
  ล็อกอิน

รายการสื่อสารสนเทศ

ลำดับที่ ประเภท เลขเรียก/บาร์โค้ด สถานที่ สถานะ
1. นวนิยาย
นวนิยาย
นว. ว918G ฉ.1 
  Barcode: 028462
ห้องสมุดวิทยาเขตสวรรค์ประชารักษ์
►นวนิยาย
บนชั้น
  ขอยืม

รายการใกล้เคียง
    ผู้แต่ง [เวสต์ แคลร์]

BibComment


ยังไม่เคยถูกคอมเมนท์

คอมเมนท์ทรัพยากรรายการนี้
  คอมเมนท์: พลิกปมสังหารประธา..


 Copyright 2026. Bcnsprnw @Library